000 01541nam a2200349 a 4500
001 ebr10641867
003 CaPaEBR
006 m u
007 cr cn|||||||||
008 121011s2012 njua sb 001 0 eng d
010 _z 2012037486
020 _z9781118218310 (cloth)
020 _z9781118284728 (e-book)
040 _aCaPaEBR
_cCaPaEBR
035 _a(OCoLC)812729688
050 1 4 _aHD38.5
_b.C343 2012eb
082 0 4 _a658.7
_223
100 1 _aCecere, Lora M.
245 1 0 _aBricks matter
_h[electronic resource] :
_bthe role of supply chains in building market-driven differentiation /
_cLora M. Cecere, Charles W. Chase.
260 _aHoboken :
_bWiley,
_c2012.
300 _axvi, 303 p. :
_bill.
490 1 _aWiley & SAS business series
504 _aIncludes bibliographical references and index.
505 0 _aForeword -- Preface -- Bricks matter -- Building value networks -- The new world of demand management : demand sensing, shaping, and translation -- The new world of supply management -- About the authors -- Index.
533 _aElectronic reproduction.
_bPalo Alto, Calif. :
_cebrary,
_d2013.
_nAvailable via World Wide Web.
_nAccess may be limited to ebrary affiliated libraries.
650 0 _aBusiness logistics.
655 7 _aElectronic books.
_2local
700 1 _aChase, Charles W.
710 2 _aebrary, Inc.
830 0 _aWiley and SAS business series.
856 4 0 _uhttp://site.ebrary.com/lib/rucke/Doc?id=10641867
_zAn electronic book accessible through the World Wide Web; click to view
999 _c31801
_d31801